01722cam a2200253 i 4500020001800000020001500018040001000033082002600043100002500069245010400094300004900198520093900247650000901186650000901195650003001204650003001234650003101264650000901295700002001304700001801324710006101342710002201403710004301425 a9786167101019 a6167101019 cLTSCA04a338 FAO 2014 C275 Or.1 aDawe, David Charles,10aRice in the shadow of skyscrapers :bpolicy choices in a dynamic East and Southeast Asian setting / ax, 136 pages :bcolor illustrations ;c21 cm a"This compendium of policy notes is the result of cooperation between the Food and Agriculture Organization of the UN, The World Bank and the International Rice Research Institute. Across Asia, rice is food for the largest segment of the human family. These policy notes seek to contribute to the ongoing policy dialogues and debates about rice and food security in East and Southeast Asia and to better informed decision- making. The aim of this compendium is to synthesize and reframe a large body of recent literature into a readily-accessible format for public officials, business leaders, members of civil society and other stakeholders in the policymaking process. While the focus of the publication is on the rice sector in East and Southeast Asia, many of its key findings and conclusions will also be of interest to policymakers addressing similar challenges associated with staple food in other regions."--Publisher website. 0aRice 0aRice 0aAgricultural productivity 0aAgricultural productivity 7aAgricultural productivity. 7aRice1 aJaffee, Steven,1 aSantos, Nuno,2 aFood and Agriculture Organization of the United Nations,2 aWorld Bank Group,2 aInternational Rice Research Institute,